| 000 | 00729nam a2200217Ia 4500 | ||
|---|---|---|---|
| 001 | 8821 | ||
| 003 | GE_BSU | ||
| 008 | 181216s||||||||xx |||||||||||||| ||und|| | ||
| 040 | _cGE_BSU | ||
| 080 | _a821.353.1-2 | ||
| 100 | _aკაკაბაძე,პოლიკარპე | ||
| 245 | _aრჩეული თხზულებანი:პიესები | ||
| 245 | _cრედ:ილ.ხოშტარია;მხატვ.რედ:ს.ბოტკოველი | ||
| 260 | _aთბილისი | ||
| 260 | _bსახელგამი | ||
| 260 | _c1954 | ||
| 300 | _a360გვ,25სმ | ||
| 653 | _aპიესები | ||
| 653 | _aრჩეული თხზულებანი | ||
| 942 | _cBK | ||
| 999 |
_c42129 _d42129 |
||